Desať rokov Slovenskej republiky v Európskej únii [zborník vedeckých prác]

Salvato in:
Dettagli Bibliografici
Ente Autore: Univerzita Mateja Bela. Fakulta politických vied a medzinárodných vzťahov
Altri autori: Terem, Peter, Lenč, Marek
Natura: Libro
Lingua:slovacco
inglese
Pubblicazione: Banská Bystrica Belianum 2014
Soggetti:
Tags: Aggiungi Tag
Nessun Tag, puoi essere il primo ad aggiungerne!!

MARC

LEADER 00000nam a2200000 4500
001 0198815
005 20221025110025.0
020 |a 978-80-557-0816-4 
041 0 |a slo 
041 0 |a eng 
044 |a SK 
245 1 0 |a Desať rokov Slovenskej republiky v Európskej únii  |b [zborník vedeckých prác]  |c editori: Peter Terem, Marek Lenč 
264 1 |a Banská Bystrica  |b Belianum  |c 2014 
300 |a 129 s. 
610 2 0 |a integrácia ekonomická medzinárodná 
610 2 0 |a politika zahraničná 
610 2 0 |a migrácia 
610 2 0 |a bezpečnosť 
610 2 0 |a politika kohézna 
610 2 0 |a občania 
610 2 0 |a spolupráca medzinárodná 
610 2 0 |a Slovensko 
610 2 0 |a Európska únia 
700 1 |a Terem, Peter 
700 1 |a Lenč, Marek 
710 2 |a Univerzita Mateja Bela. Fakulta politických vied a medzinárodných vzťahov